00699 2200205 4500001002100000005001700021008004100038035002500079082001300104090002200117100001900139245007000158260009300228300004400321500003700365504002800402650003300430850001200463990001800475YOGYA-0113000000023420150706125227.0 ind  a0010-011300000000234 a658.4038 aSK 658.4038 Zud S aZUDI SULISTIYO aSistem informasi pasien Rumah Sakit Umum Bantulc/ Zudi Sulistiyo aYogyakartabFakultas Matematika dan Ilmu Pengetahuan Alam Universitas Ahmad Dahlanc2000 axiv,59(20)lbr. :bilus., lamp, ;c30 cm aSkripsi Universitas Ahmad Dahlan aBibliografi : (lbr. 59) aSistem informasi - Manajemen aYOPDYOG a42342-PD/A.12